000 00660nam a2200241Ia 4500
003 OSt
005 20220916111000.0
006 a|||||r|||| 00| 0
007 ta
008 220915b |||||||| |||| 00| 0 eng d
024 _a65501
037 _cTextbook
040 _beng
_aARTS
_cARTS
041 _aeng
082 _aQ.6.N5, K8
100 _aBarrett D B
245 0 _aSchism and Renewal in Africa : an analysis of six thousand contemporary religious movements
260 _aNairobi
_bOxford University Press
300 _a363p
_ccm.
650 _aRELIGION
942 _hQ.6.N5, K8
_cTB
_2CC
999 _c102699
_d102699